Docentes tutores: orientación educativa y tutoría
Guardat en:
| Autor principal: | |
|---|---|
| Format: | Llibre |
| Idioma: | espanyol |
| Publicat: |
Buenos Aires
Bonum
2014
|
| Edició: | 10a. ed |
| Matèries: | |
| Etiquetes: |
Afegir etiqueta
Sense etiquetes, Sigues el primer a etiquetar aquest registre!
|
MARC
| LEADER | 00000cam a2200000 a 4500 | ||
|---|---|---|---|
| 001 | UCE7552 | ||
| 003 | CL-VaPUC | ||
| 008 | 150626e20140000ag |||||||||||||||||spa|d | ||
| 020 | |a 9789505075119 | ||
| 082 | 0 | 4 | |a 371.42 |b MUL |2 21 |
| 100 | |a Müller, Marina |e autora |9 580206 | ||
| 245 | 1 | 0 | |a Docentes tutores: orientación educativa y tutoría |
| 250 | |a 10a. ed | ||
| 300 | |a 288 p | ||
| 942 | |c BK | ||
| 945 | |d 20150626 15:30:00 |a dcastane | ||
| 260 | |a Buenos Aires |b Bonum |c 2014 | ||
| 650 | 7 | |a ORIENTACION PEDAGOGICA |2 CL-VaPUC |9 334838 | |
| 650 | 0 | |a Psicología educacional |9 307830 | |
| 650 | 0 | |a Orientación profesional |9 308504 | |
| 583 | |a last modification |c 20150626 15:30:00 |k Rodrigo Vera | ||
| 999 | |c 359609 |d 359607 | ||
| 952 | |0 0 |1 0 |3 erb |4 0 |6 371_420000000000000_MUL_2014 |7 0 |8 A |9 468879 |a BIBTEO |b BIBTEO |i 5165830 |o 371.42 MUL 2014 |p 5165830 |r 2025-01-17 |w 2019-11-23 |y BK |z Catalogado en:20150626 |k ICR | ||